Adivinhe o Estado Brasileiro pela foto - Statistics

Estatísticas Gerais
  • Esse quiz foi jogado 15 vezes
  • A pontuação média é 21 de 27
Estatísticas das Respostas
Imagem Resposta % Correto
Rio de Janeiro
100%
São Paulo
92%
Alagoas
85%
Bahia
85%
Ceará
85%
Distrito Federal
85%
Pernambuco
85%
Rio Grande do Sul
85%
Amapá
77%
Amazonas
77%
Maranhão
77%
Minas Gerais
77%
Pará
77%
Paraná
77%
Rio Grande do Norte
77%
Rondônia
77%
Santa Catarina
77%
Tocantins
77%
Goiás
69%
Mato Grosso
69%
Mato Grosso do Sul
69%
Paraíba
69%
Roraima
69%
Sergipe
69%
Acre
62%
Espirito Santo
62%
Piauí
54%
Nenhum quiz correspondente encontrado
Distribuição das Pontuações
Porcentagem de Pessoas com Cada Pontuação
Percentil de Números Respondidos
Sua Pontuação Histórica
Você não jogou esse quiz